| 000 | 00835nam a2200241Ia 4500 | ||
|---|---|---|---|
| 005 | 20211111075704.0 | ||
| 008 | 130821s2006 ag gr spa | ||
| 020 | _a9501265579 | ||
| 040 |
_aCo-BoUCM _bspa |
||
| 041 | 0 | 0 | _aspa |
| 100 | 1 |
_aBitler, Judith _9164613 |
|
| 245 | 1 | 0 |
_aVida precaria _cl poder del duelo y la violencia _cJudith Butler ;traducción de Fermín Rodríguez |
| 260 |
_aBuenos Aires (Argentina) _b[Editorial desconocida] _c2006 |
||
| 300 | _a192 páginas | ||
| 490 |
_aEspacios del Saber _v57 |
||
| 504 | _aIncluye bibliografía | ||
| 650 | 0 | 4 |
_aConflictos internacionales _vAspectos sociales _911587 |
| 650 | 0 | 4 |
_aSoberanía _vAspectos sociales _924689 |
| 650 | 0 | 4 |
_aViolencia política _926287 |
| 650 | 0 | 4 |
_aViolencia _9422 |
| 942 |
_cLIBRO _2DEWEY _a5 _e1 _h303.6 _mB985v |
||
| 999 |
_c58097 _d58097 |
||